Výstava rezbárskych diel v Šarišskom múzeu : Móric Hölzel a jeho rezbárska škola

Podrobná bibliografia
Hlavný autor: Gutek, František (Author)
Ďalší autori: Nováková, Oľga (Photographer)
Médium: Článok
Jazyk:Slovak
Témy:
Zdroj: 1. Katolícke noviny 1. 0139-8512 1. Roč. 118, č. 41 (2003), s. 24 a 25
LEADER 01136nab#a2200349#ar4500
001 000047613
003 SVKKK
005 20040225085638.0
008 040225c2003 xo e slo
FMT
038 |a SVKKK 
040 |a SVKKK  |b slo  |e AACR2 
041 0 |a slo 
044 |a xo  |c SK 
080 |a 674.24  |2 1997 
080 |a 929 Hölzel, Móric  |2 1997 
100 1 |a Gutek, František  |4 aut 
245 1 0 |a Výstava rezbárskych diel v Šarišskom múzeu :  |b Móric Hölzel a jeho rezbárska škola  |c František Gutek ; Oľga Nováková 
300 |b Fotogr. 
500 |a Dátum úmrtia 24.7.1903 
600 1 4 |a Hölzel, Móric,  |d 1841-1903,  |x rezbár  |z Bardejov (Slovensko)  |x pôsobenie 
610 2 4 |a Hölzelova rezbárska dielňa (Bardejov, Slovensko)  |x vznik  |y 1885  |x činnosť 
611 2 4 |a Móric Hölzel a bardejovská rezbárska škola  |x výstava  |z Bardejov (Slovensko)  |y september 2003 
700 1 |a Nováková, Oľga  |4 pht 
773 0 |t Katolícke noviny  |x 0139-8512  |g Roč. 118, č. 41 (2003), s. 24 a 25 
957 |a 701 
958 |a BJ 
974 |a Čr 
992 |a RBX 
BAS
852 |a SVKKK  |b BIB 
998 |a REG